Commercial fishing methods: An introduction to vessels and gears
Đã lưu trong:
| Tác giả chính: | |
|---|---|
| Định dạng: | Sách |
| Ngôn ngữ: | Undetermined |
| Được phát hành: |
Surrey, Eng
Fishing News Books
1996
|
| Những chủ đề: | |
| Các nhãn: |
Thêm thẻ
Không có thẻ, Là người đầu tiên thẻ bản ghi này!
|
| Thư viện lưu trữ: | Trung tâm Học liệu Trường Đại học Cần Thơ |
|---|
| LEADER | 00561nam a2200193Ia 4500 | ||
|---|---|---|---|
| 001 | CTU_58181 | ||
| 008 | 210402s9999 xx 000 0 und d | ||
| 082 | |a 639.22 | ||
| 082 | |b S132 | ||
| 100 | |a John C. Sainsbury | ||
| 245 | 0 | |a Commercial fishing methods: An introduction to vessels and gears | |
| 245 | 0 | |c John C. Sainsbury | |
| 260 | |a Surrey, Eng | ||
| 260 | |b Fishing News Books | ||
| 260 | |c 1996 | ||
| 650 | |a fisheries,fishing boats | ||
| 650 | |x equipment and supplies | ||
| 904 | |i Minh | ||
| 980 | |a Trung tâm Học liệu Trường Đại học Cần Thơ | ||